| 000 | 00478nam a2200193Ia 4500 | ||
|---|---|---|---|
| 005 | 20240823045830.0 | ||
| 008 | 240823s9999||||xx |||||||||||||| ||und|| | ||
| 020 | _a978-81-7371-405-4 | ||
| 041 | _aENGLISH | ||
| 082 | _A620.11 P9 | ||
| 100 | _aPrakash Rao D S | ||
| 245 | 0 | _aIntroduction to Strength of Materials | |
| 250 | _a1st | ||
| 260 |
_c2009 _b"Universities Press, " |
||
| 500 | _aYES | ||
| 650 |
_aStrength of Materials _bCivil |
||
| 942 | _cBK | ||
| 999 |
_c215866 _d215866 |
||